| 000 | 00568cam a2200205 4500 | ||
|---|---|---|---|
| 001 | M34 | ||
| 008 | 090401t1986 xxu||||| |||| 00| 0 eng d | ||
| 035 | _a(Sirsi) u39475 | ||
| 041 | _aeng | ||
| 050 | _a692.507 | ||
| 090 | _aRICS 1986/77A | ||
| 110 |
_aRoyal Institution of Chartered Surveyors _bQuantity Surveyors' Division _91263 |
||
| 245 | _aReport of the QS education strategy working party. April 1986. | ||
| 260 |
_aLondon _bRICS _c1986 |
||
| 300 | _a13p.; 30cm. | ||
| 350 | _a0 | ||
| 700 |
_aVickers, C. J. _xChairman |
||
| 942 | _n0 | ||
| 948 | _c04/03/1997 | ||
| 999 |
_c90781 _d90781 |
||